| 000 | 00748nam a22002057a 4500 | ||
|---|---|---|---|
| 003 | OSt | ||
| 005 | 20260306052950.0 | ||
| 008 | 260306b |||||||| |||| 00| 0 eng d | ||
| 020 | _a9789710725632 | ||
| 040 |
_aDWCL-Main Lib _cOC |
||
| 082 |
_2Second edition. _aRes. 500 D994 2010 |
||
| 100 | _aRabago,Lilia M. ...[ET.AL.] | ||
| 245 | _aDynamic science : an integration of physical and biological sciences. | ||
| 260 |
_aQuezon City : _bVibal Publishing House, _cc2010. |
||
| 300 |
_aviii , 392 pages : _bcolor illustrations ; _c26 cm. |
||
| 490 | _aVibal Science & Technology Series. | ||
| 504 | _a1. Includes glossary. | ||
| 650 | _aScience - Study and teaching (Secondary) - Philippines. | ||
| 942 |
_2ddc _cBK-0 CIRC _eSecond edition. _mFil. _n0 |
||
| 999 |
_c8696 _d8696 |
||